00461nam a2200157 a 45000010005000000030005000050050017000100080041000270400020000681000032000882450055001202600059001754900026002346500027002606500016002873517CDMR20131002121653.0130130s1970||||||||||||||||||||||||||||d aCDMRbcatcCDMR1 aBoretsky, Rudolf Andrejevic10aTelevision journalismcR. A. Boretsky, A. Yurovsky aPragac1970bInternational Organization of Journalists aJournalist Libraryv204aPeriodisme audiovisual04aTelevisió